Pravdepodobnostné modely škôd pri zaistení

Pravdepodobnostno-štatistické základy poistných vied. Modely individuálnych plnení pri škodovom a proporcionálnom zaistení. Efekt proporcionálneho zaistenia a rozdelenie celkových poistných plnení. Vzorce.

Salvato in:
Dettagli Bibliografici
Autore principale: Pacáková, Viera
Natura: Capitolo di libro
Lingua:slovacco
Soggetti:
Tags: Aggiungi Tag
Nessun Tag, puoi essere il primo ad aggiungerne!!

MARC

LEADER 00000naa a2200000 4500
001 r033686
005 20230918075344.0
041 0 |a slo 
044 |a SK 
245 1 0 |a Pravdepodobnostné modely škôd pri zaistení  |c Viera Pacáková 
520 |a Pravdepodobnostno-štatistické základy poistných vied. Modely individuálnych plnení pri škodovom a proporcionálnom zaistení. Efekt proporcionálneho zaistenia a rozdelenie celkových poistných plnení. Vzorce. 
610 2 0 |a pravdepodobnosť 
610 2 0 |a modely štatistické 
610 2 0 |a vzorce 
610 2 0 |a škody 
610 2 0 |a plnenie poistné 
610 2 0 |a zaistenie 
610 2 0 |a poistné 
610 2 0 |a poisťovatelia 
610 2 0 |a zaisťovatelia 
100 1 |a Pacáková, Viera